| 000 | 01129cam a22003255a 4500 | ||
|---|---|---|---|
| 001 | 393310 | ||
| 003 | EG-ScBUE | ||
| 005 | 20220607142820.0 | ||
| 008 | 791220r20131980enka f bd 000 0 eng d | ||
| 020 | _a0521231523 (pbk.) | ||
| 020 | _a9780521231527 | ||
| 040 |
_aDLC _beng _erda _cDLC _dDLC _dEG-ScBUE |
||
| 082 | 0 | 4 |
_a428.34 _bOCO _222 |
| 100 | 1 |
_aO'Connor, J. D. _q(Joseph Desmond) _eauthor. _935086 |
|
| 245 | 1 | 0 |
_aBetter English pronunciation / _cJ.D. O'Connor, professor of phonetics in the University of London. |
| 250 |
_aSecond edition, _bThirty-five printing. |
||
| 264 | 1 |
_aCambridge : _bCambridge University Press, _c2013. |
|
| 300 |
_ax, 150 pages : _billustrations ; _c21 cm |
||
| 336 |
_2rdacontent _atext _btxt |
||
| 337 |
_2rdamedia _aunmediated _bn |
||
| 338 |
_2rdacarrier _avolume _bnc |
||
| 500 | _aIncludes glossary. | ||
| 504 | _aIncludes bibliographical references. | ||
| 650 | 7 |
_aEnglish language _vTextbooks for foreign speakers. _2BUEsh |
|
| 650 | 7 |
_aEnglish language _xPronunciation. _2BUEsh |
|
| 651 | _2BUEsh | ||
| 653 |
_bHHUUEENN _cOctober2016 |
||
| 655 |
_vText book _933728 |
||
| 942 |
_2ddc _cBB |
||
| 999 |
_c22768 _d22740 |
||